1630 1739 1005 1963 1595 1957 1392 1461 1912 1935 1716 1183 1157 1975 1041 1524 1313 1274 1280 1286 1332 1906 1916 1357 1324 1900 1499 1812 1658 1436 1662 1370 1223 1293 1881 1379 1821 1938 1652 1563 1587 1015 1546 1742 1613 1903 1138 1249 1918 1865 1120 1010 1528 1678 1243 1155 1703 1916 1999 1453 1836 1886 1629 1335 1677 1344 1443 1739 1304 1150 1657 1377 1477 1609 1952 1086 1417 1762 1106 1592 1296 1580 1292 1710 1734 1143 1167 1751 1814 1119 1420 1553 1178 1884 1411 1066 1412 1447 1965 BCNSPRNW ULIB Ver.6.0+V

เปลี่ยนเป็นภาษาไทย

Change to English
 แสดงรายละเอียดบรรณานุกรม
  กลับหน้าหลัก

Brief Record : Get Marc (ISO 2709) : E-mail record : QR code < ปิดหน้าต่าง
LEADER : 00000nam 2200000uu 4500
001    13399129128
003     ULIB
008    250718s2025||||th 000 0 tha d
020    ^a9780323880862
060 0  ^aWZ17^bN474T^cV.5
100 1  ^aNetter, Frank h.^q(frank henry)
245 1   ^aThe Netter collection of medical illustrations. ^nVolume 5, ^pUrinary system ^h[electronic resource] : ^ba compilation of paintings / ^cprepared by Frank H. Netter ; edited by Christopher R Kelly, Jaime Landman.
246 3  ^aUrinary system
250    ^a3rd ed.
260    aPhiladelphia, Pa. ; ^aLondon : ^bElsevier Saunders,^c2025.
300    ^a1 online resource : ^bcol. ill.
650  0 ^aUrinary organs^xDiseases^vAtlases.
650  0 ^aUrology^vAtlases.
653    ^aClinicalKey.
655  0 ^aElectronic books.
700 1  ^aKelly, Christopher r.
700 1  ^aLandman, Jaime.
700 1  ^aNetter, Frank h.^q(frank henry)^d1906-1991.^tCiba collection of medical illustrations.
945    ^p3391^l0^i011887
999    ^aประนอม เกษจรัล
รายการนี้ยังไม่มีแท็ก
คุณยังไม่ได้ล็อกอิน คุณสามารถมีกิจกรรมร่วมกับเว็บไซต์ได้ แต่ต้องล็อกอินก่อน ::
  ล็อกอิน

รายการสื่อสารสนเทศ

ลำดับที่ ประเภท เลขเรียก/บาร์โค้ด สถานที่ สถานะ
1. วิทยาศาสตร์การแพทย์ และสุขภาพ
หนังสือสำรอง
สถานะ=หนังสือสำรอง
WZ17 N474T V.5 ฉ.1 
  Barcode: 011887
ห้องสมุดวิทยาเขตสวรรค์ประชารักษ์
►หนังสือทั่วไป
บนชั้น

รายการใกล้เคียง
    ผู้แต่ง [Netter, Frank h. (frank henry)]

BibComment


ยังไม่เคยถูกคอมเมนท์

คอมเมนท์ทรัพยากรรายการนี้
  คอมเมนท์: The Netter coll..


 Copyright 2026. Bcnsprnw @Library